000
00326nam a22001217a 4500
003
SGT
082
_a
954
_b
Y16K
100
_a
कृष्ण, संजय
245
_a
यात्राओं में झारखण्ड
260
_b
विकल्प प्रकाशन
_c
2016
300
_a
168
942
_2
ddc
_c
BK
999
_c
31930
_d
31930